| 000 | 00737nam a2200205 i 4500 | ||
|---|---|---|---|
| 001 | 59667 | ||
| 003 | ES-MaACL | ||
| 005 | 20250822063125.0 | ||
| 007 | t| | ||
| 008 | 031030s1922 sp ||||1| spa d | ||
| 100 | 1 |
_aEnríquez de Salamanca, Fernando, _d1890-1966 _947286 |
|
| 245 | 1 | 0 |
_aManual de enfermedades del riñón / _cpor F. Enriquez de Salamanca, C. Jiménez Díaz ; con un capítulo de técnica citoscópica por F. Miraved. |
| 260 |
_aMadrid : _bRuiz Hermanos, _c1922 ( _fNieto y compañía) |
||
| 300 |
_aVIII, 296 p. : _bil. ; _c24 cm. |
||
| 500 | _aEs el T. I. | ||
| 700 | 1 |
_aJiménez Díaz, Carlos, _d1898-1967 _966515 |
|
| 700 | 1 |
_aMiraved, F. _981570 |
|
| 852 |
_aES-MaACL _jB-13578 |
||
| 999 |
_c59667 _d59667 |
||